<?xml version="1.0" encoding="UTF-8"?>
<record
    xmlns:xsi="http://www.w3.org/2001/XMLSchema-instance"
    xsi:schemaLocation="http://www.loc.gov/MARC21/slim http://www.loc.gov/standards/marcxml/schema/MARC21slim.xsd"
    xmlns="http://www.loc.gov/MARC21/slim">

  <leader>03318nam0a2200409   4500</leader>
  <controlfield tag="001">RU\NLR\BIBL_A\011611073</controlfield>
  <controlfield tag="005">20250626100232.0</controlfield>
  <datafield tag="020" ind1=" " ind2=" ">
    <subfield code="a">RU</subfield>
    <subfield code="b">11622</subfield>
    <subfield code="9">&#x421;&#x432;&#x43E;&#x434;&#x43D;&#x44B;&#x439; &#x43A;&#x430;&#x442;&#x430;&#x43B;&#x43E;&#x433; &#x43B;&#x438;&#x441;&#x442;&#x43E;&#x432;&#x43E;&#x43A; &#x43F;&#x435;&#x440;&#x432;&#x44B;&#x445; &#x43B;&#x435;&#x442; &#x421;&#x43E;&#x432;&#x435;&#x442;&#x441;&#x43A;&#x43E;&#x439; &#x432;&#x43B;&#x430;&#x441;&#x442;&#x438; (25 &#x43E;&#x43A;&#x442;&#x44F;&#x431;&#x440;&#x44F; (7 &#x43D;&#x43E;&#x44F;&#x431;&#x440;&#x44F;) 1917 - 1925) &#x422;.4 (&#x427;.3). &#x41B;&#x438;&#x441;&#x442;&#x43E;&#x432;&#x43A;&#x438; &#x441;&#x43E;&#x432;&#x435;&#x442;&#x441;&#x43A;&#x438;&#x445;, &#x43F;&#x430;&#x440;&#x442;&#x438;&#x439;&#x43D;&#x44B;&#x445;, &#x43F;&#x440;&#x43E;&#x444;&#x441;&#x43E;&#x44E;&#x437;&#x43D;&#x44B;&#x445;, &#x43A;&#x43E;&#x43C;&#x441;&#x43E;&#x43C;&#x43E;&#x43B;&#x44C;&#x441;&#x43A;&#x438;&#x445; &#x438; &#x434;&#x440;&#x443;&#x433;&#x438;&#x445; &#x43E;&#x440;&#x433;&#x430;&#x43D;&#x438;&#x437;&#x430;&#x446;&#x438;&#x439; &#x433;&#x443;&#x431;&#x435;&#x440;&#x43D;&#x438;&#x439; &#x420;&#x421;&#x424;&#x421;&#x420;</subfield>
  </datafield>
  <datafield tag="035" ind1=" " ind2=" ">
    <subfield code="a">(NLR Aleph) 011611073</subfield>
  </datafield>
  <datafield tag="090" ind1=" " ind2=" ">
    <subfield code="a">10935976</subfield>
    <subfield code="c">10935976</subfield>
  </datafield>
  <datafield tag="100" ind1=" " ind2=" ">
    <subfield code="a">20180130d1920    |||y0rusy50      ca</subfield>
  </datafield>
  <datafield tag="101" ind1="0" ind2=" ">
    <subfield code="a">rus</subfield>
  </datafield>
  <datafield tag="102" ind1=" " ind2=" ">
    <subfield code="a">RU</subfield>
  </datafield>
  <datafield tag="105" ind1=" " ind2=" ">
    <subfield code="a">y   z   000zy</subfield>
  </datafield>
  <datafield tag="135" ind1=" " ind2=" ">
    <subfield code="a">crcn 024anaba</subfield>
  </datafield>
  <datafield tag="200" ind1="1" ind2=" ">
    <subfield code="a">&#x420;&#x435;&#x437;&#x43E;&#x43B;&#x44E;&#x446;&#x438;&#x44F;, &#x43F;&#x440;&#x438;&#x43D;&#x44F;&#x442;&#x430;&#x44F; &#x43D;&#x430; &#x440;&#x430;&#x441;&#x448;&#x438;&#x440;&#x435;&#x43D;&#x43D;&#x43E;&#x43C; &#x437;&#x430;&#x441;&#x435;&#x434;&#x430;&#x43D;&#x438;&#x438; &#x43F;&#x440;&#x435;&#x434;&#x441;&#x442;&#x430;&#x432;&#x438;&#x442;&#x435;&#x43B;&#x435;&#x439; &#x442;&#x432;&#x435;&#x440;&#x441;&#x43A;&#x43E;&#x433;&#x43E; &#x43F;&#x440;&#x43E;&#x43B;&#x435;&#x442;&#x430;&#x440;&#x438;&#x430;&#x442;&#x430; &#x432; &#x441;&#x43E;&#x441;&#x442;&#x430;&#x432;&#x435;: &#x41F;&#x440;&#x435;&#x437;&#x438;&#x434;&#x438;&#x443;&#x43C;&#x430; &#x413;&#x443;&#x431;&#x438;&#x441;&#x43F;&#x43E;&#x43B;&#x43A;&#x43E;&#x43C;&#x430;, &#x413;&#x443;&#x431;&#x43F;&#x440;&#x43E;&#x444;&#x441;&#x43E;&#x432;&#x435;&#x442;&#x430;, &#x413;&#x43E;&#x440;&#x441;&#x43E;&#x432;&#x435;&#x442;&#x430;, &#x43F;&#x440;&#x430;&#x432;&#x43B;&#x435;&#x43D;&#x438;&#x439; &#x43F;&#x440;&#x43E;&#x444;&#x435;&#x441;&#x441;&#x438;&#x43E;&#x43D;&#x430;&#x43B;&#x44C;&#x43D;&#x44B;&#x445; &#x441;&#x43E;&#x44E;&#x437;&#x43E;&#x432; &#x438; &#x444;&#x430;&#x431;&#x440;&#x438;&#x447;&#x43D;&#x43E;-&#x437;&#x430;&#x432;&#x43E;&#x434;&#x441;&#x43A;&#x438;&#x445; &#x43A;&#x43E;&#x43C;&#x438;&#x442;&#x435;&#x442;&#x43E;&#x432; 5-&#x433;&#x43E; &#x430;&#x432;&#x433;&#x443;&#x441;&#x442;&#x430; 1920 &#x433;&#x43E;&#x434;&#x430;, &#x43F;&#x43E; &#x432;&#x43E;&#x43F;&#x440;&#x43E;&#x441;&#x443; &#x43E; &#x43B;&#x438;&#x43A;&#x432;&#x438;&#x434;&#x430;&#x446;&#x438;&#x438; &#x437;&#x430;&#x431;&#x430;&#x441;&#x442;&#x43E;&#x432;&#x43A;&#x438; &#x43D;&#x430; &#x442;&#x432;&#x435;&#x440;&#x441;&#x43A;&#x43E;&#x439; &#x444;-&#x43A;&#x435; &#x41C;&#x43E;&#x440;&#x43E;&#x437;&#x43E;&#x432;&#x441;&#x43A;&#x43E;&#x439; &#x43C;&#x430;&#x43D;&#x443;&#x444;&#x430;&#x43A;&#x442;&#x443;&#x440;&#x44B;</subfield>
    <subfield code="e">[&#x43B;&#x438;&#x441;&#x442;&#x43E;&#x432;&#x43A;&#x430;</subfield>
    <subfield code="f">&#x422;&#x432;&#x435;&#x440;&#x441;&#x43A;&#x43E;&#x439; &#x433;&#x443;&#x431;. &#x438;&#x441;&#x43F;&#x43E;&#x43B;&#x43D;&#x438;&#x442;&#x435;&#x43B;&#x44C;&#x43D;&#x44B;&#x439; &#x43A;&#x43E;&#x43C;&#x438;&#x442;&#x435;&#x442; &#x421;&#x43E;&#x432;&#x435;&#x442;&#x43E;&#x432;]</subfield>
  </datafield>
  <datafield tag="210" ind1=" " ind2=" ">
    <subfield code="a">&#x422;&#x432;&#x435;&#x440;&#x44C;</subfield>
    <subfield code="c">&#x41F;&#x435;&#x440;&#x432;&#x430;&#x44F; &#x433;&#x43E;&#x441;. &#x442;&#x438;&#x43F;.</subfield>
    <subfield code="d">[1920, &#x430;&#x432;&#x433;.]</subfield>
  </datafield>
  <datafield tag="215" ind1=" " ind2=" ">
    <subfield code="a">1 &#x441;.</subfield>
    <subfield code="d">28x18</subfield>
  </datafield>
  <datafield tag="300" ind1=" " ind2=" ">
    <subfield code="a">&#x41F;&#x43E;&#x434;&#x43F;&#x438;&#x441;&#x438;: &#x43F;&#x440;&#x435;&#x434;&#x433;&#x443;&#x431;&#x438;&#x441;&#x43F;&#x43E;&#x43B;&#x43A;&#x43E;&#x43C;&#x430; &#x411;&#x443;&#x43B;&#x430;&#x442;&#x43E;&#x432;; &#x43F;&#x440;&#x435;&#x434;&#x441;&#x435;&#x434;&#x430;&#x442;&#x435;&#x43B;&#x44C; &#x413;&#x443;&#x431;&#x43F;&#x440;&#x43E;&#x444;&#x441;&#x43E;&#x432;&#x435;&#x442;&#x430; &#x418;&#x432;&#x430;&#x43D;&#x43E;&#x432;; &#x43F;&#x440;&#x435;&#x434;&#x441;&#x435;&#x434;&#x430;&#x442;&#x435;&#x43B;&#x44C; &#x413;&#x43E;&#x440;&#x438;&#x441;&#x43F;&#x43E;&#x43B;&#x43A;&#x43E;&#x43C;&#x430; &#x421;&#x443;&#x440;&#x430;&#x442;&#x43E;&#x432;</subfield>
  </datafield>
  <datafield tag="325" ind1=" " ind2=" ">
    <subfield code="a">&#x41A;&#x43E;&#x43F;&#x438;&#x44F; &#x434;&#x43E;&#x441;&#x442;&#x443;&#x43F;&#x43D;&#x430; &#x432; &#x42D;&#x43B;&#x435;&#x43A;&#x442;&#x440;&#x43E;&#x43D;. &#x431;-&#x43A;&#x435; &#x420;&#x41D;&#x411;</subfield>
  </datafield>
  <datafield tag="607" ind1=" " ind2=" ">
    <subfield code="a">&#x420;&#x421;&#x424;&#x421;&#x420;</subfield>
    <subfield code="j">&#x41B;&#x438;&#x441;&#x442;&#x43E;&#x432;&#x43A;&#x438;</subfield>
    <subfield code="x">&#x41F;&#x43E;&#x43B;&#x438;&#x442;&#x438;&#x43A;&#x430; &#x438; &#x443;&#x43F;&#x440;&#x430;&#x432;&#x43B;&#x435;&#x43D;&#x438;&#x435;</subfield>
    <subfield code="y">1917 - 1925</subfield>
    <subfield code="9">2312782</subfield>
    <subfield code="3">RU\NLR\auth\6601609564</subfield>
  </datafield>
  <datafield tag="686" ind1="0" ind2=" ">
    <subfield code="a">&#x422;3(2)71-313,011</subfield>
  </datafield>
  <datafield tag="686" ind1="0" ind2=" ">
    <subfield code="a">&#x422;3(2&#x420;-4&#x422;&#x432;-2&#x422;)712-31,011</subfield>
  </datafield>
  <datafield tag="702" ind1=" " ind2="1">
    <subfield code="4">720</subfield>
    <subfield code="7">ca</subfield>
    <subfield code="8">rus</subfield>
    <subfield code="a">&#x411;&#x443;&#x43B;&#x430;&#x442;&#x43E;&#x432;</subfield>
    <subfield code="b">&#x414;. &#x410;.</subfield>
    <subfield code="c">&#x43F;&#x430;&#x440;&#x442;. &#x434;&#x435;&#x44F;&#x442;&#x435;&#x43B;&#x44C;</subfield>
    <subfield code="f">1889-1941</subfield>
    <subfield code="g">&#x414;&#x43C;&#x438;&#x442;&#x440;&#x438;&#x439; &#x410;&#x43B;&#x435;&#x43A;&#x441;&#x430;&#x43D;&#x434;&#x440;&#x43E;&#x432;&#x438;&#x447;</subfield>
    <subfield code="9">172101</subfield>
    <subfield code="3">RU\NLR\AUTH\770172151</subfield>
  </datafield>
  <datafield tag="702" ind1=" " ind2="1">
    <subfield code="4">720</subfield>
    <subfield code="7">ca</subfield>
    <subfield code="8">rus</subfield>
    <subfield code="a">&#x418;&#x432;&#x430;&#x43D;&#x43E;&#x432;</subfield>
    <subfield code="c">&#x43F;&#x440;&#x43E;&#x444;. &#x434;&#x435;&#x44F;&#x442;&#x435;&#x43B;&#x44C;</subfield>
    <subfield code="9">192789</subfield>
    <subfield code="3">RU\NLR\AUTH\770192840</subfield>
  </datafield>
  <datafield tag="702" ind1=" " ind2="1">
    <subfield code="4">720</subfield>
    <subfield code="7">ca</subfield>
    <subfield code="8">rus</subfield>
    <subfield code="a">&#x421;&#x443;&#x440;&#x430;&#x442;&#x43E;&#x432;</subfield>
    <subfield code="b">&#x41A;. &#x421;.</subfield>
    <subfield code="c">&#x443;&#x447;&#x430;&#x441;&#x442;&#x43D;&#x438;&#x43A; &#x443;&#x441;&#x442;&#x430;&#x43D;&#x43E;&#x432;&#x43B;&#x435;&#x43D;&#x438;&#x44F; &#x441;&#x43E;&#x432;&#x435;&#x442;&#x441;&#x43A;&#x43E;&#x439; &#x432;&#x43B;&#x430;&#x441;&#x442;&#x438;, &#x422;&#x432;&#x435;&#x440;&#x441;&#x43A;&#x430;&#x44F; &#x433;&#x443;&#x431;.</subfield>
    <subfield code="f">1885-1957</subfield>
    <subfield code="g">&#x41A;&#x43E;&#x43D;&#x441;&#x442;&#x430;&#x43D;&#x442;&#x438;&#x43D; &#x421;&#x442;&#x435;&#x43F;&#x430;&#x43D;&#x43E;&#x432;&#x438;&#x447;</subfield>
    <subfield code="9">192791</subfield>
    <subfield code="3">RU\NLR\AUTH\770192842</subfield>
  </datafield>
  <datafield tag="711" ind1="0" ind2="2">
    <subfield code="a">&#x422;&#x432;&#x435;&#x440;&#x441;&#x43A;&#x43E;&#x439; &#x433;&#x443;&#x431;&#x435;&#x440;&#x43D;&#x441;&#x43A;&#x438;&#x439; &#x438;&#x441;&#x43F;&#x43E;&#x43B;&#x43D;&#x438;&#x442;&#x435;&#x43B;&#x44C;&#x43D;&#x44B;&#x439; &#x43A;&#x43E;&#x43C;&#x438;&#x442;&#x435;&#x442; &#x421;&#x43E;&#x432;&#x435;&#x442;&#x43E;&#x432;</subfield>
    <subfield code="b">&#x420;&#x430;&#x441;&#x448;&#x438;&#x440;&#x435;&#x43D;&#x43D;&#x43E;&#x435; &#x437;&#x430;&#x441;&#x435;&#x434;&#x430;&#x43D;&#x438;&#x435; &#x43F;&#x440;&#x435;&#x434;&#x441;&#x442;&#x430;&#x432;&#x438;&#x442;&#x435;&#x43B;&#x435;&#x439; &#x442;&#x432;&#x435;&#x440;&#x441;&#x43A;&#x43E;&#x433;&#x43E; &#x43F;&#x440;&#x43E;&#x43B;&#x435;&#x442;&#x430;&#x440;&#x438;&#x430;&#x442;&#x430;</subfield>
    <subfield code="f">1920</subfield>
    <subfield code="9">593761</subfield>
    <subfield code="3">RU\NLR\AUTH\880465712</subfield>
  </datafield>
  <datafield tag="712" ind1="0" ind2="2">
    <subfield code="4">570</subfield>
    <subfield code="a">&#x422;&#x432;&#x435;&#x440;&#x441;&#x43A;&#x43E;&#x439; &#x433;&#x443;&#x431;&#x435;&#x440;&#x43D;&#x441;&#x43A;&#x438;&#x439; &#x438;&#x441;&#x43F;&#x43E;&#x43B;&#x43D;&#x438;&#x442;&#x435;&#x43B;&#x44C;&#x43D;&#x44B;&#x439; &#x43A;&#x43E;&#x43C;&#x438;&#x442;&#x435;&#x442; &#x421;&#x43E;&#x432;&#x435;&#x442;&#x43E;&#x432;</subfield>
    <subfield code="9">467803</subfield>
    <subfield code="3">RU\NLR\AUTH\880400461</subfield>
  </datafield>
  <datafield tag="852" ind1="0" ind2="0">
    <subfield code="a">NLR</subfield>
    <subfield code="b">&#x424;&#x41B;</subfield>
    <subfield code="j">56/135</subfield>
  </datafield>
  <datafield tag="942" ind1=" " ind2=" ">
    <subfield code="c">BOOK</subfield>
  </datafield>
  <datafield tag="980" ind1=" " ind2=" ">
    <subfield code="a">NB</subfield>
  </datafield>
  <datafield tag="981" ind1="2" ind2="1">
    <subfield code="a">(21) &#x41B;&#x438;&#x441;&#x442;&#x43E;&#x432;&#x43A;&#x438;</subfield>
    <subfield code="b">(21) &#x41B;&#x438;&#x441;&#x442;&#x43E;&#x432;&#x43A;&#x438; 1920 &#x433;&#x43E;&#x434;&#x430;</subfield>
  </datafield>
</record>
